000 002720000a22001090004500
041 0 _aENG
082 0 4 _aAV 0240
245 1 0 _aNot my parents : a teen selective on parent-teen and family relations / Fern Robertson, Editor
300 _a32 Pág.
001 14109
942 _cBK
999 _c43022
_d43022